000
00495nam a2200181Ia 4500
008
090122s9999 xx 000 0 und d
082
_b
12709
100
_a
फाटक
_b
अनुराधा
245
_a
जीवदान
260
_b
सानिया
_c
2005
300
_a
148
501
_a
व्हि के बुक एजन्सीज
600
_a
फाटक
630
_a
जीवदान
700
_a
फाटक
730
_a
जीवदान
942
_c
BOOK
999
_c
36786
_d
36786